00274nam a2200097Ia 4500008004100000100001800041245005200059260003900111260000900150999001700159170620s9999 xx 000 0 und d aSharma- B. M. 0aGlobal Education Series- 9- Media And Education bNew Delhi- Commonwealth Publishers c2007 c24911d24911